000
00307nam a2200109 4500
008
180208b xxu||||| |||| 00| 0 eng d
245
_a
Young Leyte dancers in ASEAN children's festival.
260
_a
Philippines:
_b
Manila Bulletin,
_c
c2016.
300
_a
page 15.
650
0
_9
26275
_a
Dance.
942
_2
ddc
_c
PER
999
_c
8506
_d
8506